Reglamento de la Casa Provincial de Maternidad de Barcelona : aprobado por acuerdo de la Comisión Gestora Provincial de 18 de junio de 1943 aprobado por acuerdo de la Comisión Gestora Provincial de 18 de junio de 1943
Descripción Física:
48 p. ; 16 cm
MARC
| LEADER | 00000nam a2200000Ia 4500 | ||
|---|---|---|---|
| 001 | 8716 | ||
| 008 | 160829s9999 xx 000 0 cat d | ||
| 080 | |a FU-1-47 | ||
| 110 | 2 | |a Casa de Maternitat i Expòsits de Barcelona |9 52670 | |
| 245 | |a Reglamento de la Casa Provincial de Maternidad de Barcelona : |b aprobado por acuerdo de la Comisión Gestora Provincial de 18 de junio de 1943 | ||
| 260 | |a Barcelona : |b (Imp. Casa Caritat), [1943?] | ||
| 300 | |a 48 p. ; |c 16 cm | ||
| 590 | |a Hi ha un duplicat a: DUP-73-8, que prové de A-204 | ||
| 650 | |a Casa de Maternitat i Expòsits (Barcelona) |x Reglaments i procediment |9 38816 | ||
| 901 | |a Arxiu | ||
| 942 | |n 1 | ||
| 952 | |0 0 |1 0 |4 0 |6 FU147 |7 1 |9 54615 |a Arxiu |b Arxiu |d 2016-12-01 |l 0 |o FU-1-47 |p 8716 |r 2016-12-01 00:00:00 |w 2016-12-01 |y ARXIU | ||
| 999 | |c 58484 |d 58484 | ||